00245nam a2200097Ia 4500100003500000245003900035260003000074082001300104300000700117546002300124 aProductivity Development Team  aIdentifying waste on the shopfloor bProduction Pres Incc2002 a658bPDT a89 aENGLISHcInfo.Tech